[Event "1st WMSG Rapid Team w"]
[Site "Beijing CHN"]
[Date "2008.10.15"]
[Round "3"]
[White "Rudolf,An"]
[Black "Vasilevich,I"]
[Result "1/2-1/2"]
[WhiteElo "2318"]
[BlackElo "2354"]

1.e4 c5 2.Nf3 e6 3.d4 cxd4 4.Nxd4 Nc6 5.Nc3 a6 6.g3 d6 7.Bg2 Bd7 8.O-O Be7
9.Be3 Rc8 10.Nxc6 Bxc6 11.a4 Nf6 12.a5 O-O 13.Bb6 Qe8 14.f4 Nd7 15.Bd4 f5
16.exf5 Bxg2 17.Kxg2 Rxf5 18.Qe2 Nf8 19.Rf2 Bd8 20.Qg4 Qc6+ 21.Kg1 Bf6 22.Bxf6 Rxf6
23.Qe2 d5 24.Qe3 Nd7 25.Rd2 Nc5 26.Re1 Qc7 27.Qd4 Rd8 28.b4 Nd7 29.Ne2 b6
30.axb6 Nxb6 31.c3 Nc4 32.Ra2 e5 33.fxe5 Nxe5 34.Rf1 Nf3+ 35.Rxf3 Rxf3 36.Rxa6 Qe7
37.Ra7 Qe3+ 38.Qxe3 Rxe3 39.Kf2 Rde8 40.Ra2 R3e4 41.Rd2 Rf8+ 42.Kg2 Re3 43.b5 Rb8
44.Kf2 Re5 45.Nd4 Rf8+ 46.Kg2 Re3 47.Ne2 Rb8 48.Kf2 Re5 49.Nd4 Rf8+ 50.Kg2 Re3
51.Ne2 Rb8 52.Kf2 Re5 53.Nd4 Rf8+ 54.Kg2 Re3 55.Ne2 Rb8 56.Kf2 Re5  1/2-1/2

[Event "1st WMSG Rapid Team"]
[Site "Beijing CHN"]
[Date "2008.10.15"]
[Round "4"]
[White "Di Berardino,D"]
[Black "Leito,P"]
[Result "0-1"]
[WhiteElo "2502"]
[BlackElo "2336"]

1.e4 c5 2.Nf3 e6 3.d4 cxd4 4.Nxd4 Nc6 5.Nc3 d6 6.Be3 Nf6 7.Be2 Be7 8.O-O O-O
9.f4 e5 10.fxe5 dxe5 11.Nf5 Bxf5 12.Rxf5 Qc8 13.Qf1 Nd4 14.Bxd4 exd4 15.Nb5 Nxe4
16.Nxd4 Bc5 17.c3 Bxd4+ 18.cxd4 g6 19.Re5 Nd6 20.Bd3 Qd7 21.Qf4 Rad8 22.Rae1 Rfe8
23.h4 Rxe5 24.Rxe5 Nc8 25.Bc4 Nb6 26.Bb3 Qxd4+ 27.Qxd4 Rxd4 28.h5 Kg7 29.h6+ Kxh6
30.Bxf7 Rd7 31.Bb3 Kg7 32.a4 Nc8 33.a5 Ne7 34.Kh2 h5 35.Rc5 b6 36.axb6 axb6
37.Re5 Nf5 38.Bc2 Nd4 39.Ba4 Rd6 40.Re4 Kf6 41.Kg3 Nf5+ 42.Kh2 Rd4 43.Rxd4 Nxd4
44.Kg3 g5 45.Kf2 Ke5 46.Bd7 Ke4 47.Kg3 Nf5+ 48.Kf2 h4 49.Bc6+ Kf4 50.Bd7 Nd4
51.Bc8 g4 52.Bd7 b5 53.b4 g3+ 54.Kg1 Ke3 55.Kf1 Kd3 56.Kg1 Kc3 57.Kf1 Kxb4
58.Kg1 Kc3 59.Bxb5 Nxb5 60.Kf1 Kd3 61.Kg1 Ke3 62.Kf1 Nd4 63.Kg1 Ne2+ 64.Kh1 Nf4
65.Kg1 Nxg2  0-1

[Event "1st WMSG Rapid Team"]
[Site "Beijing CHN"]
[Date "2008.10.15"]
[Round "4"]
[White "Jung Ho Jin"]
[Black "Sandler,L"]
[Result "0-1"]
[WhiteElo "1851"]
[BlackElo "2357"]

1.e4 c5 2.Nf3 e6 3.d4 cxd4 4.Nxd4 Nc6 5.Nc3 Qc7 6.Be3 Nf6 7.f3 d6 8.Nb3 a6
9.Qd2 Be7 10.O-O-O O-O 11.g4 b5 12.g5 Nd7 13.h4 Bb7 14.h5 Nce5 15.f4 b4 16.Nd5 exd5
17.fxe5 Nxe5 18.exd5 Rac8 19.Bg2 Nc4 20.Qe2 Nxe3 21.Rd2 Bxg5 22.h6 Nxg2 23.Kb1 Bxd2
24.Qxg2 Qxc2+ 25.Ka1 Bxh6  0-1

[Event "1st WMSG Rapid Team w"]
[Site "Beijing CHN"]
[Date "2008.10.15"]
[Round "5"]
[White "Schink,B"]
[Black "Fomina,T"]
[Result "1/2-1/2"]
[WhiteElo "2031"]
[BlackElo "2214"]

1.e4 c5 2.Nf3 e6 3.d4 cxd4 4.Nxd4 Nc6 5.Nc3 Qc7 6.Be2 Nf6 7.O-O a6 8.Kh1 b5
9.Nxc6 dxc6 10.f4 b4 11.e5 bxc3 12.exf6 gxf6 13.Qe1 Bb4 14.bxc3 Bc5 15.Qg3 Bb7
16.Be3 Bxe3 17.Qxe3 c5 18.Bf3 Bxf3 19.Qxf3 Ke7 20.Rab1 Rab8 21.Qd3 c4 22.Qe4 f5
23.Qd4 Rhd8 24.Qf2 Ke8 25.h3 Qe7 26.Rxb8 Rxb8 27.Qd4 f6 28.Qxc4 Qd6 29.Re1 Kf7
30.Qe2 Rg8 31.Qh5+ Kg7 32.Qe2 Qxf4 33.Qxe6 Qg5 34.Qxa6 Kh8 35.Qc6 f4 36.Rf1 Qe5
37.Qf3 Rc8 38.Qxf4 Qxc3 39.Rf3 Qa1+ 40.Rf1 Qc3 41.Rf3 Qa1+ 42.Kh2 Qe5 43.Qxe5 fxe5
44.Rf2 Rc3 45.a4 Kg7 46.Kg1 Ra3 47.Rf5 e4 48.a5 e3 49.Kf1 Kg6 50.Rc5 Kf6
51.Ke2 Ke6 52.Rh5 Rc3 53.g4 Kf6 54.Rxh7 Ke5 55.Re7+ Kf4 56.Rf7+ Ke4 57.Re7+ Kf4
58.Rf7+ Ke4 59.Kd1 Ra3 60.Rf5 Ra4 61.h4 Rd4+ 62.Ke1 Rd2 63.a6 Rxc2 64.a7 Ra2
65.Rf7 Ra1+ 66.Ke2 Ra2+ 67.Ke1 Ra1+ 68.Ke2 Ra2+  1/2-1/2

[Event "1st WMSG Rapid Team"]
[Site "Beijing CHN"]
[Date "2008.10.15"]
[Round "6"]
[White "Diermair,A"]
[Black "Sandler,L"]
[Result "1/2-1/2"]
[WhiteElo "2365"]
[BlackElo "2357"]

1.e4 c5 2.Nf3 e6 3.d4 cxd4 4.Nxd4 Nc6 5.Nc3 Qc7 6.Be3 Nf6 7.f4 d6 8.Qf3 a6
9.O-O-O Be7 10.Rg1 Nxd4 11.Rxd4 b5 12.g4 Bb7 13.g5 Nd7 14.f5 Ne5 15.Qf2 exf5
16.exf5 Nf3 17.f6 gxf6 18.gxf6 Bxf6 19.Nd5 Bxd5 20.Rxd5 Nxg1 21.Qxf6 Rg8
22.Rg5 Rxg5 23.Qxg5 Qe7 24.Qxg1 O-O-O 25.Qg4+ Qe6 26.Qd4 Re8 27.Kd2 Qe5 28.Qxe5 dxe5
29.Bh3+ Kc7 30.Bf5 Kd6 31.Kd3 Rg8 32.h3 h5 33.Ke4 Rg2 34.Kf3 Rg8 35.a3 f6
36.b3 Kd5 37.c4+ bxc4 38.bxc4+ Kd6 39.Ke4 Rb8 40.c5+ Kc6 41.Be6 Rd8 42.Bc4 Rd1
43.a4 Rh1 44.Bxa6 Rxh3 45.Bb5+ Kc7 46.Bh6 Rc3 47.Bf8 h4 48.Bd6+ Kb7 49.c6+ Rxc6  1/2-1/2

[Event "1st WMSG Rapid Team"]
[Site "Beijing CHN"]
[Date "2008.10.15"]
[Round "6"]
[White "Nguyen Van Huy"]
[Black "Leito,P"]
[Result "1/2-1/2"]
[WhiteElo "2422"]
[BlackElo "2336"]

1.e4 c5 2.Nf3 e6 3.d4 cxd4 4.Nxd4 Nc6 5.Nc3 d6 6.Be2 Nf6 7.O-O Be7 8.Be3 O-O
9.f4 e5 10.Nb3 exf4 11.Bxf4 Be6 12.Kh1 d5 13.exd5 Nxd5 14.Nxd5 Qxd5 15.Qxd5 Bxd5
16.Rad1 Be6 17.Bf3 Rad8 18.c3 Rxd1 19.Rxd1 Rd8 20.Rxd8+ Nxd8 21.Bb8 a6 22.Na5 Bxa2
23.Nxb7 Nxb7 24.Bxb7 Bc4 25.Ba7 f5 26.Kg1 Bd6 27.h3 Bg3 28.Bf2 Be5 29.Bd4 Bxd4+
30.cxd4 a5 31.Kf2 Kf7 32.Ke3 Kf6 33.h4 g6 34.Bc6 h6 35.Kd2 g5 36.Kc3 Bf7
37.hxg5+ hxg5 38.b4 axb4+ 39.Kxb4 f4 40.Kc5 g4 41.Be4 Bg6 42.Bc6 Bd3 43.Kb4 Bf1
44.Kc3 Bxg2 45.Bxg2 f3 46.Bxf3 gxf3 47.Kd3 Ke6 48.Ke3 Kd5 49.Kxf3 Kxd4  1/2-1/2

[Event "1st WMSG Rapid Team w"]
[Site "Beijing CHN"]
[Date "2008.10.15"]
[Round "6"]
[White "Madl,I"]
[Black "Peng Zhaoqin"]
[Result "1/2-1/2"]
[WhiteElo "2376"]
[BlackElo "2455"]

1.e4 c5 2.Nf3 e6 3.d4 cxd4 4.Nxd4 Nc6 5.Nc3 Qc7 6.Be3 a6 7.Bd3 Nf6 8.O-O Nxd4
9.Bxd4 Bc5 10.Be2 d6 11.Qd3 Bxd4 12.Qxd4 e5 13.Qb4 O-O 14.Rfd1 Rd8 15.Rd2 Be6
16.Rad1 Ne8 17.a4 Rdc8 18.a5 Qc5 19.Qa4 Kf8 20.h3 Rc6 21.Nd5 Bxd5 22.exd5 Rc7
23.c4 Rd8 24.b4 Qa7 25.Qa3 Nf6 26.Bf1 h5 27.Qf3 Re7 28.Re1 e4 29.Qe3 Qxe3
30.Rxe3 h4 31.Rd4  1/2-1/2

[Event "1st WMSG Rapid Team"]
[Site "Beijing CHN"]
[Date "2008.10.16"]
[Round "7"]
[White "Savickas,A"]
[Black "Goldenberg,I"]
[Result "1-0"]
[WhiteElo "2358"]
[BlackElo "2393"]

1.e4 c5 2.Nf3 Nc6 3.d4 cxd4 4.Nxd4 e6 5.Nc3 d6 6.Be2 Nf6 7.O-O Be7 8.Be3 Bd7
9.f4 Nxd4 10.Bxd4 Bc6 11.Bd3 O-O 12.Qe1 Nd7 13.Kh1 Bf6 14.e5 dxe5 15.fxe5 Be7
16.Ne4 g6 17.Qe3 Bxe4 18.Bxe4 Qc7 19.Bd3 Bc5 20.c3 Bxd4 21.cxd4 Rfc8 22.Rf4 Nf8
23.Raf1 Rd8 24.h4 Qe7 25.h5 Rd7 26.R1f3 Rc8 27.Kh2 Qg5 28.hxg6 hxg6 29.Rg3 Qh6+
30.Rh3 Qg5 31.Qf2 Rcd8 32.Rfh4 Kg7 33.Rg4 Qe7 34.Qf4 f5 35.exf6+ Qxf6 36.Qh6+ Kg8
37.Bxg6 Rxd4 38.Be4+ Kf7 39.Rf3 Qxf3 40.gxf3 Ke7 41.Qg7+ Ke8 42.Bg6+ Nxg6
43.Rxd4  1-0

[Event "1st WMSG Rapid Team w"]
[Site "Beijing CHN"]
[Date "2008.10.16"]
[Round "7"]
[White "Yanjindulam,D"]
[Black "Zenyuk,I"]
[Result "0-1"]
[WhiteElo "2286"]
[BlackElo "2237"]

1.e4 c5 2.Nf3 e6 3.d4 cxd4 4.Nxd4 Nc6 5.Nc3 Qc7 6.Be2 a6 7.O-O Nf6 8.Kh1 Nxd4
9.Qxd4 Bc5 10.Qd3 h5 11.f4 Ng4 12.Qg3 b5 13.e5 Bb7 14.Bf3 f5 15.exf6 gxf6
16.Bxb7 Qxb7 17.Qd3 f5 18.Nd1 h4 19.h3 Ke7 20.Qc3 Rac8 21.b4 Bb6 22.Qg7+ Kd6
23.Bb2 Rhg8 24.Be5+ Kc6 25.Qe7 Nxe5 26.fxe5 Kc7 27.Qd6+ Kd8 28.Qd2 Rg3 29.Kh2 Bd4
30.Re1 Bxa1 31.c3 Bxc3 32.Nxc3 Rcxc3 33.Re2 Qd5 34.Qh6 Qd4 35.Qf8+ Kc7 36.Qh6 Kb7
37.Rd2 Rcd3 38.Re2 Rd1 39.Rd2 Qg1+  0-1

[Event "1st WMSG Rapid Team"]
[Site "Beijing CHN"]
[Date "2008.10.16"]
[Round "9"]
[White "Diamant,A"]
[Black "Mrva,Mart"]
[Result "1-0"]
[WhiteElo "2412"]
[BlackElo "2467"]

1.e4 c5 2.Nf3 e6 3.d4 cxd4 4.Nxd4 Nc6 5.Nc3 d6 6.Be2 Be7 7.O-O Nf6 8.Be3 O-O
9.f4 Re8 10.Kh1 Bf8 11.Bf3 Bd7 12.Nb3 Qb8 13.a4 Nb4 14.g4 Bc6 15.g5 Nd7 16.Nd4 e5
17.Nxc6 bxc6 18.f5 Nb6 19.a5 Nc4 20.Bc1 Qc7 21.Ra4 Rab8 22.a6 d5 23.exd5 Nb6
24.d6 Bxd6 25.Ra1 e4 26.Nxe4 Bxh2 27.Qd2 Be5 28.Qxb4 Qd7 29.Bg2 Nd5 30.Qe1 Nb4
31.Qf2 Rb5 32.Bf4 Bxb2 33.Rad1 Rd5 34.Rxd5 Nxd5 35.Bh2 Be5 36.Bxe5 Rxe5 37.Qg3 Qe8
38.Rb1 Kh8 39.Nd6 Re3 40.Qxe3  1-0

[Event "Ugra Cup"]
[Site "Khantiy Mansiysk RUS"]
[Date "2008.10.16"]
[Round "2"]
[White "Kabanov,N"]
[Black "Solodovnichenko,Y"]
[Result "1/2-1/2"]
[WhiteElo "2483"]
[BlackElo "2590"]

1.e4 c5 2.Nf3 e6 3.d4 cxd4 4.Nxd4 Nc6 5.Nc3 d6 6.Be2 Nf6 7.O-O Be7 8.Kh1 O-O
9.f4 Bd7 10.Nb3 a5 11.a3 a4 12.Nd2 Nd4 13.e5 dxe5 14.fxe5 Nd5 15.Nxd5 exd5
16.Bd3 Qc7 17.c3 Bb5 18.Bxb5 Nxb5 19.Nf3 Qc4 20.Be3 f6 21.exf6 Bxf6 22.Qd2 Nd6
23.Rad1 Ra5 24.Nd4 Ne4 25.Qe2 Qxe2 26.Nxe2 Rb5 27.Bc1 Nd6 28.Nf4 Be5 29.Nd3 Rxf1+
30.Rxf1 Nc4 31.Rf5 Bd6 32.g3 g6 33.Rf2 d4 34.cxd4 Rd5 35.Bf4 Rxd4 36.Bxd6 Rxd6
37.Nc5 b5 38.Kg2 Kg7 39.g4 g5 40.Kg3 Rd5 41.Ne6+ Kg6 42.Nf8+ Kg7 43.Ne6+  1/2-1/2

[Event "1st WMSG Rapid Team KO"]
[Site "Beijing CHN"]
[Date "2008.10.17"]
[Round "1.2"]
[White "Friedel,J"]
[Black "Kryvoruchko,Y"]
[Result "1-0"]
[WhiteElo "2498"]
[BlackElo "2627"]

1.e4 c5 2.Nf3 Nc6 3.Nc3 e6 4.d4 cxd4 5.Nxd4 Nf6 6.Nxc6 bxc6 7.e5 Nd5 8.Ne4 Qc7
9.f4 Qb6 10.c4 Bb4+ 11.Ke2 f5 12.Nf2 Ba6 13.Kf3 Nc7 14.Be3 Bc5 15.Bxc5 Qxc5
16.Qd6 Qb6 17.b3 c5 18.Rd1 Bb7+ 19.Kg3 Bc6 20.Be2 Rd8 21.Bh5+ g6 22.Bf3 Bxf3
23.gxf3 Qa5 24.h4 Kf7 25.Qd2 Qb6 26.Qe3 Ne8 27.h5 gxh5 28.Nd3 Rc8 29.Kf2 Rg8
30.Rd2 Rg7 31.Rxh5 Kg8 32.Rh1 Rc7 33.Nb2 Rc6 34.Na4 Qc7 35.Rd3 Qc8 36.Qd2 Qd8
37.Nc3 a6 38.Ne2 Qe7 39.Ng3 Rc7 40.Rd6 Ra7 41.Rb6 Qd8 42.Rxe6 Qc8 43.Reh6 d6
44.Qd5+ Kh8 45.exd6 Raf7 46.Rxh7+ Rxh7 47.Qxf7 Rxh1 48.Nxh1 Nxd6 49.Qf6+ Kh7
50.Qxd6 Qh8 51.Qe7+ Kg6 52.Qg5+ Kf7 53.Qxf5+ Ke7 54.Qe5+  1-0

[Event "12th Essent Open"]
[Site "Hoogeveen NED"]
[Date "2008.10.17"]
[Round "1"]
[White "Safarli,E"]
[Black "Van der Elburg,F"]
[Result "1-0"]
[WhiteElo "2568"]
[BlackElo "2269"]

1.e4 c5 2.Nf3 e6 3.Nc3 Nc6 4.d4 cxd4 5.Nxd4 Qc7 6.g3 a6 7.Bg2 d6 8.O-O Bd7
9.Re1 Be7 10.Nxc6 Bxc6 11.a4 Nf6 12.Be3 O-O 13.a5 Rae8 14.Bd4 Nd7 15.Qd2 Bf6
16.Red1 Rd8 17.Ne2 d5 18.exd5 Bxd5 19.Bxd5 exd5 20.Ra3 Bxd4 21.Nxd4 Ne5 22.Qf4 Rfe8
23.h4 Qd7 24.Rc3 Rc8 25.Rxc8 Qxc8 26.Kg2 Nc4 27.Nf5 Qe6 28.Qg5 g6 29.Nh6+ Kg7
30.Ng4 h5 31.Re1 Qxg4 32.Qxg4 hxg4 33.Rxe8 Nxa5 34.Rb8 b5 35.Rb6 Nc4 36.Rxa6 Nxb2
37.Rb6 Nc4 38.Rxb5 Na3 39.Rc5  1-0

[Event "24th ECC"]
[Site "Kallithea GRE"]
[Date "2008.10.17"]
[Round "1"]
[White "Michielsen,J"]
[Black "Ivanisevic,I"]
[Result "0-1"]
[WhiteElo "2365"]
[BlackElo "2658"]

1.e4 c5 2.Nf3 e6 3.d4 cxd4 4.Nxd4 Nc6 5.Nc3 Qc7 6.Be3 a6 7.Qd2 Nf6 8.O-O-O Bb4
9.f3 O-O 10.g4 b5 11.g5 Ne8 12.Kb1 Bb7 13.Nxc6 Bxc6 14.h4 Ba5 15.Qh2 Qxh2
16.Rxh2 f5 17.gxf6 Rxf6 18.Rh3 Rc8 19.Ne2 e5 20.Rg3 Rd6 21.Rxd6 Nxd6 22.Nc1 Nc4
23.Bh6 Nd2+ 24.Bxd2 Bxd2 25.Nd3 d6 26.Rg2 Ba5 27.a3 Rf8 28.Be2 Bb7 29.c3 Bd8
30.h5 Rf6 31.Nb4 Rh6 32.c4 a5 33.Nd5 Bxd5 34.exd5 bxc4 35.Rg4 Rxh5 36.Rxc4 Kf7
37.Rc6 Ke7 38.b4 Rh2 39.Bd3 axb4 40.axb4 h5 41.b5 Rd2 42.Be4 h4 43.Kc1 Rd4
44.Rc2 Rb4 45.Rg2 Kf7 46.Bg6+ Kf6 47.Bd3 g5 48.Kc2 Bb6 49.Kc3 Rf4 50.Be2 Ba5+  0-1

[Event "24th ECC"]
[Site "Kallithea GRE"]
[Date "2008.10.17"]
[Round "1"]
[White "Colovic,A"]
[Black "Ilic,Ljubo"]
[Result "0-1"]
[WhiteElo "2458"]
[BlackElo "2297"]

1.e4 c5 2.Nc3 e6 3.Nge2 Nc6 4.d4 cxd4 5.Nxd4 a6 6.Nxc6 bxc6 7.Bd3 d5 8.O-O Nf6
9.Qe2 Be7 10.Na4 O-O 11.c4 a5 12.Rd1 Ba6 13.Bf4 Ra7 14.Rac1 Rd7 15.exd5 exd5
16.Bf5 Bd6 17.Qf3 Bxf4 18.Qxf4 Re7 19.cxd5 cxd5 20.Nc3 Rfe8 21.h3 Re5 22.Bc2 Qb8
23.Qd2 g6 24.Bb3 Bc4 25.Bxc4 dxc4 26.Qd4 Qb4 27.Rc2 h5 28.Kh2 Ne4 29.Nxe4 Rxe4
30.Qd6 Re2 31.Rxe2 Qxd6+ 32.Rxd6 Rxe2 33.Ra6 Rxf2 34.Rxa5 Rxb2 35.Rc5 Rb4
36.h4 Ra4 37.Rc8+ Kg7 38.Rc6 Kf8 39.Rc7 Ke8 40.Kg1 Kd8 41.Rxf7 c3 42.Rf2 Rxh4
43.Rc2 Rc4 44.Kf2 Kd7 45.Ke3 Kd6 46.Kd3 Kd5 47.Rxc3 Rg4 48.Rc8 Rg3+ 49.Ke2 Rxg2+
50.Kf3 Rxa2 51.Rg8 Ra3+ 52.Kf4 Ra4+ 53.Kg3 Rg4+ 54.Kh3 Ke6 55.Rg7 Kf6 56.Ra7 Re4
57.Ra8 Kg5  0-1

[Event "12th Essent Open"]
[Site "Hoogeveen NED"]
[Date "2008.10.18"]
[Round "2"]
[White "Vedder,H"]
[Black "Safarli,E"]
[Result "1/2-1/2"]
[WhiteElo "2358"]
[BlackElo "2568"]

1.e4 c5 2.Nf3 e6 3.Nc3 Nc6 4.d4 cxd4 5.Nxd4 Nf6 6.Be3 Bb4 7.Nxc6 bxc6 8.Bd3 d5
9.exd5 cxd5 10.O-O O-O 11.Bd4 a5 12.f4 Ba6 13.f5 Bxd3 14.Qxd3 Rc8 15.Kh1 Rc6
16.Rf3 Bxc3 17.Bxc3 Ne4 18.fxe6 Rxe6 19.Bd4 Rfe8 20.Raf1 f6 21.a4 Qd7 22.b3 Qc6
23.Bc3 Ng5 24.Rg3 Re2 25.Bxf6 gxf6  1/2-1/2

[Event "12th Essent Open"]
[Site "Hoogeveen NED"]
[Date "2008.10.18"]
[Round "2"]
[White "De Groote,E"]
[Black "Ulibin,M"]
[Result "0-1"]
[WhiteElo "2208"]
[BlackElo "2521"]

1.e4 c5 2.Nf3 e6 3.d4 cxd4 4.Nxd4 Nc6 5.Nc3 Qc7 6.Be3 a6 7.Be2 Nf6 8.a3 Be7
9.f4 d6 10.O-O O-O 11.g4 Nxd4 12.Qxd4 e5 13.Qd2 exf4 14.Rxf4 Be6 15.Raf1 Nd7
16.Nd5 Qd8 17.Nxe7+ Qxe7 18.Rd1 Rfc8 19.Bd4 Ne5 20.Bc3 Rc6 21.Qe3 Rac8 22.Qg3 h6
23.h3 Qg5 24.h4 Qe7 25.g5 hxg5 26.hxg5 Rxc3 27.bxc3 Rxc3 28.Bd3 Rc5 29.Kf2 Ng6
30.Rf5 Bxf5 31.exf5 Ne5 32.Be4 Rc4 33.Bd5 Rg4 34.Qc3 Rf4+  0-1

[Event "12th Essent Open"]
[Site "Hoogeveen NED"]
[Date "2008.10.18"]
[Round "2"]
[White "Van Eijk,S"]
[Black "Balje,J"]
[Result "1/2-1/2"]
[WhiteElo "2366"]
[BlackElo "2193"]

1.e4 c5 2.Nf3 Nc6 3.d4 cxd4 4.Nxd4 e6 5.Nc3 Qc7 6.Be3 a6 7.Be2 Nf6 8.a3 d6
9.g4 Be7 10.g5 Nd7 11.f4 O-O 12.h4 b5 13.h5 Nxd4 14.Qxd4 Bb7 15.O-O-O e5
16.fxe5 Nxe5 17.Nd5 Bxd5 18.Qxd5 Rac8 19.Rd2 Qc6 20.Bf4 Qxd5 21.Rxd5 Rfe8
22.Kb1 Bf8 23.b3 Rc5 24.Rhd1 Rec8 25.Bxe5 dxe5 26.c4 Rxd5 27.Rxd5 Bxa3 28.cxb5 axb5
29.Bxb5 Be7 30.Bc4 Kf8 31.g6 hxg6 32.hxg6 Rc5 33.Rd1 fxg6 34.Rh1 Bf6 35.Kc2 Ke7
36.Kc3 Kd7 37.Rd1+ Kc7 38.b4 Rc6 39.Kb3 Kb6 40.Rd5 g5 41.Rb5+ Ka7 42.Bd5 Rc7
43.Ra5+ Kb6 44.Ra1 Ra7 45.Rd1 Rd7 46.b5 g4 47.Kc4 g3 48.Rg1 Bh4 49.Rg2 Ra7
50.Bc6 Ra3 51.Kd5 Bf6 52.Ke6 Rf3 53.Kd6 Rd3+ 54.Bd5 Kxb5 55.Rb2+ Ka4 56.Kc5 Rc3+
57.Bc4 Be7+ 58.Kd5 Ka3 59.Ra2+ Kb4 60.Rb2+ Ka3 61.Ra2+ Kb4 62.Rb2+ Ka3  1/2-1/2

[Event "12th Essent Open"]
[Site "Hoogeveen NED"]
[Date "2008.10.18"]
[Round "2"]
[White "Van Delft,M"]
[Black "Fier,A"]
[Result "0-1"]
[WhiteElo "2402"]
[BlackElo "2581"]

1.e4 c5 2.Nf3 e6 3.d4 cxd4 4.Nxd4 Nc6 5.Nc3 d6 6.g4 Nxd4 7.Qxd4 Ne7 8.Be3 Nc6
9.Qd2 a6 10.O-O-O b5 11.f4 Bb7 12.Kb1 Be7 13.h4 Rc8 14.Bd3 Na5 15.Qe1 Nc4
16.Bc1 Qa5 17.g5 O-O 18.Rh2 Rfe8 19.h5 Bf8 20.g6 fxg6 21.hxg6 h6 22.f5 exf5
23.Qf1 Ne5 24.exf5 Ng4 25.f6 Nxf6 26.Bxh6 gxh6 27.Qxf6 Qc7 28.g7 Qxg7 29.Qf2 Rc5
30.Rg1 Rg5 31.Rxg5 Qxg5 32.a3 Bg7 33.Ka2 Qe5  0-1

[Event "24th ECC"]
[Site "Kallithea GRE"]
[Date "2008.10.18"]
[Round "2"]
[White "Edouard,R"]
[Black "Potkin,V"]
[Result "1-0"]
[WhiteElo "2531"]
[BlackElo "2613"]

1.e4 c5 2.Nf3 e6 3.d4 cxd4 4.Nxd4 Nc6 5.Nc3 Qc7 6.Be3 a6 7.Qd2 Nf6 8.O-O-O Bb4
9.f3 O-O 10.g4 b5 11.Kb1 Bb7 12.g5 Ne8 13.a3 Be7 14.Bf4 d6 15.Nxc6 Bxc6 16.h4 Qb7
17.g6 fxg6 18.Bh3 Bd7 19.Bg5 Bxg5 20.hxg5 b4 21.axb4 Qxb4 22.Nd5 Qxd2 23.Rxd2 Rb8
24.Bg4 exd5 25.Bxd7 Nc7 26.exd5 Rxf3 27.Be6+ Nxe6 28.dxe6 Rb6 29.Re1 Rf8
30.Ka2 Re8 31.c4 h6 32.Ka3 Rc6 33.b3 hxg5 34.Rd5 g4 35.Re4 g3 36.b4 Kh7 37.Rg5 Kh6
38.Rxg3 g5 39.Kb3 Rc7 40.Rd3 Rc6 41.e7 Kg6 42.Re6+ Kf5 43.Re1 g4 44.c5 dxc5
45.Rd8 Rc8 46.Rf1+ Ke6 47.Rxc8 Rxc8 48.Rf8 Kxe7 49.Rxc8 cxb4 50.Kxb4 Kf6
51.Kc4 Ke5 52.Kd3 Kf4 53.Ke2 Kg3  1-0

[Event "24th ECC"]
[Site "Kallithea GRE"]
[Date "2008.10.18"]
[Round "2"]
[White "Atlas,V"]
[Black "Polajzer,D"]
[Result "1/2-1/2"]
[WhiteElo "2465"]
[BlackElo "2360"]

1.e4 c5 2.Nf3 e6 3.d4 cxd4 4.Nxd4 Nc6 5.Nc3 Qc7 6.g3 a6 7.Bg2 Nf6 8.O-O Nxd4
9.Qxd4 Bc5 10.Bf4 d6 11.Qd2 h6 12.Rad1 e5 13.Be3 Ke7 14.Nd5+ Nxd5 15.exd5 Re8
16.Rc1 Bd7 17.c4 a5 18.a3 a4 19.Kh1 Qb6 20.Bxc5 Qxc5 21.f4 Kf8 22.Rc3 exf4
23.Qxf4 Re7 24.g4 Rae8 25.g5 hxg5 26.Qxg5 Re3 27.Qg6 f6 28.Rxf6+ gxf6  1/2-1/2

[Event "24th ECC"]
[Site "Kallithea GRE"]
[Date "2008.10.18"]
[Round "2"]
[White "Kleijn,C"]
[Black "Livner,A"]
[Result "1-0"]
[WhiteElo "2283"]
[BlackElo "2315"]

1.e4 c5 2.Nf3 e6 3.d4 cxd4 4.Nxd4 Nc6 5.Nc3 Qc7 6.Be2 a6 7.O-O Nf6 8.Be3 Bb4
9.Na4 O-O 10.Nxc6 bxc6 11.Nb6 Rb8 12.Nxc8 Rfxc8 13.Bxa6 Rf8 14.Bd3 Bd6 15.b3 Bxh2+
16.Kh1 Bf4 17.Bxf4 Qxf4 18.g3 Qg5 19.Kg2 e5 20.Rh1 Rfe8 21.Qc1 Qg6 22.Qe3 h6
23.a4 Nh7 24.a5 Ng5 25.a6 d5 26.a7 Rbd8 27.exd5 e4 28.Ba6 cxd5 29.Bb7 d4
30.Qf4 Ne6 31.Qxe4 f5 32.Qf3 Ng5 33.Qc6 Ne6 34.a8=Q  1-0

[Event "13th ECC w"]
[Site "Kallithea GRE"]
[Date "2008.10.18"]
[Round "2"]
[White "Gaponenko,I"]
[Black "Lahno,Kateri"]
[Result "1/2-1/2"]
[WhiteElo "2473"]
[BlackElo "2488"]

1.e4 c5 2.Nf3 e6 3.d4 cxd4 4.Nxd4 Nc6 5.Nc3 d6 6.Be3 Nf6 7.Be2 Be7 8.O-O O-O
9.f4 e5 10.Nb3 exf4 11.Bxf4 Be6 12.Kh1 d5 13.e5 Nd7 14.Nxd5 Ndxe5 15.c4 Re8
16.Qd2 Ng6 17.Nxe7+ Qxe7 18.Bd6 Qh4 19.Bg3 Qe7 20.Bd6 Qh4 21.Bg3 Qe7 22.Bd6  1/2-1/2

[Event "24th ECC"]
[Site "Kallithea GRE"]
[Date "2008.10.18"]
[Round "2"]
[White "Zapolskis,A"]
[Black "Einarsson,H"]
[Result "1/2-1/2"]
[WhiteElo "2346"]
[BlackElo "2264"]

1.e4 c5 2.Nf3 Nc6 3.Nc3 e6 4.d4 cxd4 5.Nxd4 Nf6 6.g3 a6 7.Bg2 Qc7 8.Nb3 Be7
9.O-O O-O 10.a4 d6 11.f4 Rd8 12.Be3 d5 13.exd5 exd5 14.f5 d4 15.Bf4 Qb6 16.Ne4 d3+
17.Kh1 Bxf5 18.a5 Qb5 19.c4 Qxc4 20.Rc1 Qb5 21.Nc3 Qb4 22.Na2 Qb5 23.Nc3 Qb4
24.Na2 Qb5 25.Nc3 Bg4 26.Nxb5 Bxd1 27.Rfxd1 axb5 28.Bc7 Rd7 29.Bb6 Nd5 30.Nc5 Nxb6
31.axb6 Bxc5 32.Rxc5 d2 33.Bxc6 bxc6 34.Rxc6 Rb8 35.Kg2 Kf8 36.Kf2 Rbd8 37.Rc5 Rd5
38.b4 Ke7 39.Ke2 R5d6 40.Rxb5 Rb8 41.b7 Rd7 42.Rxd2 Rdxb7 43.Rxb7+ Rxb7 44.Rd4 Ke6
45.Kd3 f5 46.h4 g6 47.Rc4 Kd6 48.Kc3 Kd5 49.Kd3 h6 50.Rc5+ Kd6 51.Kc4 Rf7
52.b5 f4 53.Rc6+ Ke5 54.gxf4+ Rxf4+ 55.Kc5 Rxh4 56.Rxg6 Rh1 57.b6 Kf5 58.Rc6 h5
59.b7 Rc1+ 60.Kd6 Rb1 61.Kc7 Rxb7+ 62.Kxb7 h4 63.Rc4 Kg5 64.Kc6 h3 65.Kd5 h2
66.Rc1 Kf4 67.Kd4 Kf3 68.Rc3+  1/2-1/2

[Event "TCh-BEL 2008-9"]
[Site "Belgium BEL"]
[Date "2008.10.19"]
[Round "2"]
[White "Mullon,J"]
[Black "De Haan,E"]
[Result "1/2-1/2"]
[WhiteElo "2354"]
[BlackElo "2364"]

1.e4 c5 2.Nf3 e6 3.d4 cxd4 4.Nxd4 Nc6 5.Nc3 Qc7 6.Be2 a6 7.O-O Nf6 8.Kh1 Nxd4
9.Qxd4 Bc5 10.Qd3 b5 11.f4 Bb7 12.Bf3 O-O 13.e5 Ne8 14.Bxb7 Qxb7 15.f5 f6
16.Bf4 Be7 17.Rae1 Bb4 18.Rd1 Bxc3 19.Qxc3 exf5 20.Qd3 fxe5 21.Bxe5 d6 22.Bc3 Qf7
23.Rf3 Rc8 24.Rdf1 Rc5 25.Bd4 Rd5 26.c4 bxc4 27.Qxc4 Rb5 28.Qa4 Nc7 29.Bc3 Qd5
30.Qh4 Qf7 31.Rh3 h5 32.Re1 Re8 33.Rxe8+ Nxe8 34.Qd8 Kh7 35.Re3 Nf6 36.Re7 Rd5
37.h3 Qg6 38.Re1 Ne4 39.Qh4 Nxc3 40.bxc3 Re5 41.Qf2 Qe6 42.Rd1 Re2 43.Qf3 g6
44.a4 Qe4 45.Qxe4 Rxe4 46.Rxd6 Rxa4 47.c4 Rxc4 48.Rxa6 Rc1+ 49.Kh2 h4 50.Ra4 g5
51.Ra6 Kg7 52.Rb6 Rf1 53.Ra6 f4 54.Ra7+ Kf6 55.Ra6+ Kf5 56.Ra5+ Kg6  1/2-1/2

[Event "24th ECC"]
[Site "Kallithea GRE"]
[Date "2008.10.19"]
[Round "3"]
[White "Jobava,Ba"]
[Black "Ivanisevic,I"]
[Result "1-0"]
[WhiteElo "2664"]
[BlackElo "2658"]

1.e4 c5 2.Nf3 e6 3.d4 cxd4 4.Nxd4 Nc6 5.Nc3 Qc7 6.Be2 a6 7.O-O Nf6 8.Be3 Be7
9.f4 d6 10.a4 O-O 11.Qe1 Nxd4 12.Bxd4 e5 13.Be3 exf4 14.Bxf4 Be6 15.Qg3 Rad8
16.Kh1 Kh8 17.a5 Qc5 18.Be3 Qe5 19.Bf4 Qc5 20.e5 dxe5 21.Bxe5 Ne8 22.Bf3 f6
23.Bf4 g5 24.Qe1 Ng7 25.Be3 Qb4 26.b3 g4 27.Be4 f5 28.Ra4 Qd6 29.Bxb7 Nh5
30.Rd4 Qb8 31.Rxd8 Rxd8 32.Bb6 Rd6 33.Bd5 Qc8 34.Rxf5 Bf6 35.Rxh5 Qxc3 36.Qe4 Bg8
37.Bg1 Rxd5 38.Rxd5 Bxd5 39.Qxd5 Kg7 40.Qb7+ Kg6 41.Qxa6 Qxc2 42.Qe6 Qd1
43.a6  1-0

[Event "24th ECC"]
[Site "Kallithea GRE"]
[Date "2008.10.19"]
[Round "3"]
[White "Baklan,V"]
[Black "Novkovic,Mi"]
[Result "1-0"]
[WhiteElo "2625"]
[BlackElo "2398"]

1.e4 c5 2.Nf3 e6 3.Nc3 Nc6 4.d4 cxd4 5.Nxd4 a6 6.g3 d6 7.Bg2 Bd7 8.O-O Nf6
9.Nce2 Qc7 10.b3 Be7 11.c4 O-O 12.a4 Rfc8 13.h3 g6 14.Bg5 Ne8 15.Be3 Nxd4
16.Nxd4 e5 17.Ne2 b5 18.Nc3 Qb7 19.Nd5 Bd8 20.cxb5 axb5 21.a5 b4 22.Nb6 Bxb6
23.axb6 Ra3 24.Qd2 Qa6 25.Rab1 Rc3 26.Rfc1 Ra2 27.Bf1 Qa5 28.Qd5 Qa8 29.Qxa8 Rxa8
30.Rxc3 bxc3 31.Rc1 Bc6 32.f3 Bb7 33.Rxc3 Kf8 34.g4 Ke7 35.Bb5 Rd8 36.Kf2 d5
37.Bc5+ Ke6 38.exd5+ Bxd5 39.Rd3 Rb8 40.Bc4 Nf6 41.g5 Bxc4 42.Rd6+ Kf5 43.bxc4 Kxg5
44.Be3+ Kf5 45.c5 Ne8 46.Rd1 Ke6 47.c6  1-0

[Event "Ugra Cup"]
[Site "Khantiy Mansiysk RUS"]
[Date "2008.10.19"]
[Round "5"]
[White "Kurnosov,I"]
[Black "Bocharov,D"]
[Result "0-1"]
[WhiteElo "2606"]
[BlackElo "2597"]

1.e4 c5 2.Nf3 e6 3.d4 cxd4 4.Nxd4 Nc6 5.Nc3 Qc7 6.Be3 a6 7.Qd2 b5 8.O-O-O b4
9.Na4 Nf6 10.f3 Ne5 11.Bf4 h6 12.Kb1 Be7 13.Nb3 Rb8 14.c3 Nh5 15.Be3 O-O
16.Bc5 bxc3 17.Qxc3 d6 18.Ba3 Qxc3 19.Nxc3 Rd8 20.g3 Nf6 21.Na5 Bd7 22.Be2 Ne8
23.Rd2 Rdc8 24.Rc1 Bd8 25.Nb3 a5 26.f4 a4 27.fxe5 axb3 28.Bxd6 Nxd6 29.Rxd6 Be8
30.axb3 Rxb3 31.Bc4 Rbb8 32.Ba6 Rc5 33.Ne2 Rxc1+ 34.Nxc1 Bc7 35.Rd2 Bxe5
36.Nd3 Bd4 37.Rc2 Kf8 38.Rc4 Bg1 39.Rc2 Ba4 40.Rc4 Be8 41.Rc2 Ke7 42.h3 g5
43.Rc7+ Kd6 44.Rc1 Bd4 45.Rc4 e5 46.Rc8 Rxc8 47.Bxc8 Ba4 48.Bg4 f6 49.Bf3 Bc6
50.g4 Ba4 51.Nc1 Be3 52.Nd3 Bb3 53.Nb4 Kc5 54.Nc2 Bf4 55.Be2 Bd2 56.Na1 Ba4
57.Nc2 Bc6 58.Bd3 Be8 59.Be2 Bg6 60.Bf3 Bf7 61.Be2 Bc4 62.Bf3 Bf1 63.Na1 Kd4
64.Nc2+ Kd3 65.b4 Kc3 66.Na3 Bd3+ 67.Ka2 Kxb4 68.Bg2 Bc3 69.Bf3 Bd4 70.Bg2 Kc3
71.Nb1+ Kc2 72.Na3+ Kd2 73.Kb3 Ke2  0-1

[Event "Guernsey Open"]
[Site "Guernsey GCI"]
[Date "2008.10.20"]
[Round "2"]
[White "Ippel,C"]
[Black "Nicholson,Jo"]
[Result "1-0"]
[WhiteElo "2065"]
[BlackElo "1877"]

1.Nc3 c5 2.e4 e6 3.Nf3 Nc6 4.d4 cxd4 5.Nxd4 a6 6.Be3 Bb4 7.Nxc6 bxc6 8.Qd4 Bf8
9.Be2 Nf6 10.Bg5 Be7 11.Bd3 h6 12.Bxf6 Bxf6 13.e5 Be7 14.O-O Rb8 15.Ne4 f5
16.Nd6+ Bxd6 17.exd6 O-O 18.b3 Qa5 19.Bc4 Kh8 20.Rfe1 f4 21.Re5 Qd8 22.Bd3 Qf6
23.Qe4  1-0